| 000 | 00427nab a2200145Ia 4500 | ||
|---|---|---|---|
| 003 | ES-SlBCS | ||
| 005 | 20210601124256.0 | ||
| 008 | 140529s1949 xxu||||| |||| 00| 0 eng d | ||
| 041 | _aeng | ||
| 100 | 1 |
_aSukovaty, Louis _9138934 |
|
| 245 | 0 | 4 |
_aThe O Antiphons, Scriptal Portait _c Louis Sukovaty |
| 650 | 0 | 4 |
_aAntífonas O-Liturgia _9138935 |
| 773 | 0 |
_tDominicana _gvol. 34, nº. 4, 1949, págs. 269-280 _wRev1398 |
|
| 942 | _cAR | ||
| 999 |
_c512154 _d512154 |
||